Elenco comuni italiani -Lettera M - Statistics

Statistiche generali
  • Questo quiz è stato fatto 59 volte
  • Il punteggio medio è 76 su 826
Statistiche sulle risposte
Comune Provincia Regione Abitanti % Corretto
Milano (capoluogo di provincia) Lombardia 1374582
83%
Massa (capoluogo di provincia) Toscana 66977
80%
Modena (capoluogo di provincia) Emilia-Romagna 186414
80%
Monza (capoluogo di provincia) Lombardia 122522
80%
Macerata (capoluogo di provincia) Marche 41079
77%
Mantova (capoluogo di provincia) Lombardia 48755
77%
Messina (capoluogo di provincia) Sicilia 222329
77%
Mara Sassari Sardegna 532
73%
Matera (capoluogo di provincia) Basilicata 59794
73%
Montà Cuneo Piemonte 4658
67%
Mazara del Vallo Trapani Sicilia 50334
63%
Marsala Trapani Sicilia 80661
60%
Milazzo Messina Sicilia 30421
60%
Montecatini Terme Pistoia Toscana 21805
57%
Martina Franca Taranto Puglia 47380
53%
Merano Bolzano Trentino-Alto Adige 40900
53%
Molfetta Bari Puglia 57891
53%
Mondragone Caserta Campania 28915
53%
Magenta Milano Lombardia 24107
50%
Manfredonia Foggia Puglia 54643
50%
Mira Venezia Veneto 37969
50%
Modica Ragusa Sicilia 53370
50%
Monreale Palermo Sicilia 38226
50%
Massa Marittima Grosseto Toscana 8169
47%
Mattinata Foggia Puglia 6016
47%
Mele Genova Liguria 2626
47%
Melle Cuneo Piemonte 292
47%
Mola di Bari Bari Puglia 24678
47%
Monno Brescia Lombardia 528
47%
Montalto di Castro Viterbo Lazio 8770
47%
Monterotondo Roma Lazio 41258
47%
Monti Gallura Nord-Est Sardegna Sardegna 2336
47%
Macomer Nuoro Sardegna 9567
43%
Malé Trento Trentino-Alto Adige 2296
43%
Misano Adriatico Rimini Emilia-Romagna 13780
43%
Moncalieri Torino Piemonte 56319
43%
Monopoli Bari Puglia 48007
43%
Montepulciano Siena Toscana 13484
43%
Manerbio Brescia Lombardia 13216
40%
Maranello Modena Emilia-Romagna 17379
40%
Massafra Taranto Puglia 32168
40%
Medicina Bologna Emilia-Romagna 16599
40%
Mesagne Brindisi Puglia 25964
40%
Mondovì Cuneo Piemonte 22233
40%
Monselice Padova Veneto 17258
40%
Montebelluna Treviso Veneto 31129
40%
Montepaone Catanzaro Calabria 5500
40%
Mura Brescia Lombardia 776
40%
Maratea Potenza Basilicata 4837
37%
Marino Roma Lazio 45321
37%
Marta Viterbo Lazio 3283
37%
Meda Monza e della Brianza Lombardia 23324
37%
Monfalcone Gorizia Friuli-Venezia Giulia 29233
37%
Monghidoro Bologna Emilia-Romagna 3699
37%
Maglie Lecce Puglia 13752
33%
Manduria Taranto Puglia 30147
33%
Marostica Vicenza Veneto 14022
33%
Melfi Potenza Basilicata 17196
33%
Merate Lecco Lombardia 14702
33%
Minori Salerno Campania 2606
33%
Mirano Venezia Veneto 27159
33%
Modugno Bari Puglia 37002
33%
Moena Trento Trentino-Alto Adige 2682
33%
Montalcino Siena Toscana 5673
33%
Monte Porzio Pesaro e Urbino Marche 2801
33%
Mori Trento Trentino-Alto Adige 9974
33%
Mugnano di Napoli Napoli Campania 34388
33%
Maiori Salerno Campania 5420
30%
Marano di Napoli Napoli Campania 57700
30%
Marigliano Napoli Campania 29182
30%
Menfi Agrigento Sicilia 11812
30%
Mentana Roma Lazio 22612
30%
Mezzocorona Trento Trentino-Alto Adige 5528
30%
Minturno Latina Lazio 19971
30%
Mirto Messina Sicilia 913
30%
Moncenisio Torino Piemonte 41
30%
Montecchio Terni Umbria 1592
30%
Montefalco Perugia Umbria 5461
30%
Monteforte Irpino Avellino Campania 11303
30%
Monte Porzio Catone Roma Lazio 8557
30%
Monte San Biagio Latina Lazio 6159
30%
Montesilvano Pescara Abruzzo 53344
30%
Montichiari Brescia Lombardia 26011
30%
Maenza Latina Lazio 2996
27%
Mandatoriccio Cosenza Calabria 2498
27%
Marcon Venezia Veneto 17558
27%
Mascalucia Catania Sicilia 31628
27%
Meldola Forlì-Cesena Emilia-Romagna 9910
27%
Melegnano Milano Lombardia 18011
27%
Meta Napoli Campania 7830
27%
Militello in Val di Catania Catania Sicilia 6792
27%
Monte Compatri Roma Lazio 11844
27%
Montefiascone Viterbo Lazio 13005
27%
Montevarchi Arezzo Toscana 24161
27%
Morolo Frosinone Lazio 3172
27%
Mottola Taranto Puglia 15545
27%
Musso Como Lombardia 946
27%
Mandela Roma Lazio 921
23%
Manziana Roma Lazio 7655
23%
Mariano del Friuli Gorizia Friuli-Venezia Giulia 1475
23%
Matelica Macerata Marche 9364
23%
Melendugno Lecce Puglia 9944
23%
Melzo Milano Lombardia 18566
23%
Mirabella Eclano Avellino Campania 6856
23%
Mirandola Modena Emilia-Romagna 24103
23%
Mongrassano Cosenza Calabria 1489
23%
Montelibretti Roma Lazio 5107
23%
Madesimo Sondrio Lombardia 545
20%
Magliano Sabina Rieti Lazio 3527
20%
Malnate Varese Lombardia 16391
20%
Malo Vicenza Veneto 14771
20%
Maniago Pordenone Friuli-Venezia Giulia 11622
20%
Marcianise Caserta Campania 38740
20%
Margherita di Savoia Barletta-Andria-Trani Puglia 11371
20%
Mariano Comense Como Lombardia 25214
20%
Mezzano Trento Trentino-Alto Adige 1594
20%
Misterbianco Catania Sicilia 48943
20%
Montagna sulla Strada del Vino Bolzano Trentino-Alto Adige 1766
20%
Morbegno Sondrio Lombardia 12237
20%
Maddaloni Caserta Campania 37221
17%
Marciana Livorno Toscana 2050
17%
Marzi Cosenza Calabria 965
17%
Massarosa Lucca Toscana 21951
17%
Melissa Crotone Calabria 3249
17%
Mese Sondrio Lombardia 1799
17%
Miggiano Lecce Puglia 3329
17%
Misilmeri Palermo Sicilia 28589
17%
Moggio Lecco Lombardia 467
17%
Moggio Udinese Udine Friuli-Venezia Giulia 1630
17%
Molveno Trento Trentino-Alto Adige 1134
17%
Monteriggioni Siena Toscana 10011
17%
Morlupo Roma Lazio 8424
17%
Motta Sant'Anastasia Catania Sicilia 11987
17%
Motta Visconti Milano Lombardia 8053
17%
Muggiò Monza e della Brianza Lombardia 23603
17%
Mussomeli Caltanissetta Sicilia 10059
17%
Manciano Grosseto Toscana 7105
13%
Manerba del Garda Brescia Lombardia 5412
13%
Manoppello Pescara Abruzzo 6784
13%
Mapello Bergamo Lombardia 6841
13%
Marciana Marina Livorno Toscana 1894
13%
Marzabotto Bologna Emilia-Romagna 6731
13%
Masate Milano Lombardia 3580
13%
Mascali Catania Sicilia 14092
13%
Massa Lombarda Ravenna Emilia-Romagna 10501
13%
Massa Lubrense Napoli Campania 14022
13%
Mazzano Brescia Lombardia 12470
13%
Mazzin Trento Trentino-Alto Adige 598
13%
Medolla Modena Emilia-Romagna 6301
13%
Melissano Lecce Puglia 6772
13%
Mello Sondrio Lombardia 937
13%
Mercato San Severino Salerno Campania 21740
13%
Mesero Milano Lombardia 4199
13%
Milo Catania Sicilia 1038
13%
Miranda Isernia Molise 963
13%
Moglia Mantova Lombardia 5327
13%
Molteno Lecco Lombardia 3548
13%
Monsummano Terme Pistoia Toscana 20899
13%
Montagnareale Messina Sicilia 1426
13%
Montallegro Agrigento Sicilia 2385
13%
Montello Bergamo Lombardia 3265
13%
Montenero di Bisaccia Campobasso Molise 6186
13%
Monterosso al Mare Spezia Liguria 1383
13%
Monte Sant'Angelo Foggia Puglia 11654
13%
Montescaglioso Matera Basilicata 9224
13%
Montespertoli Firenze Toscana 13242
13%
Monteverde Avellino Campania 734
13%
Montone Perugia Umbria 1603
13%
Monzambano Mantova Lombardia 4929
13%
Morgex Aosta Valle d'Aosta 2097
13%
Moso in Passiria Bolzano Trentino-Alto Adige 2050
13%
Mossa Gorizia Friuli-Venezia Giulia 1525
13%
Motta San Giovanni Reggio Calabria Calabria 5699
13%
Mozzate Como Lombardia 8656
13%
Muggia Trieste Friuli-Venezia Giulia 12966
13%
Magliano in Toscana Grosseto Toscana 3373
10%
Maletto Catania Sicilia 3613
10%
Marano sul Panaro Modena Emilia-Romagna 5297
10%
Marano Vicentino Vicenza Veneto 9380
10%
Marcellina Roma Lazio 7095
10%
Mariglianella Napoli Campania 7738
10%
Marina di Gioiosa Ionica Reggio Calabria Calabria 6282
10%
Martignano Lecce Puglia 1616
10%
Marzano Pavia Lombardia 1663
10%
Maser Treviso Veneto 5129
10%
Masi Padova Veneto 1746
10%
Massa Martana Perugia Umbria 3642
10%
Matino Lecce Puglia 11037
10%
Melito di Napoli Napoli Campania 36216
10%
Menaggio Como Lombardia 3073
10%
Mestrino Padova Veneto 11649
10%
Militello Rosmarino Messina Sicilia 1197
10%
Mineo Catania Sicilia 4991
10%
Misiliscemi Trapani Sicilia 8669
10%
Mistretta Messina Sicilia 4434
10%
Mogliano Macerata Marche 4407
10%
Moltrasio Como Lombardia 1569
10%
Moneglia Genova Liguria 2630
10%
Monrupino Trieste Friuli-Venezia Giulia 857
10%
Montale Pistoia Toscana 10757
10%
Monte Argentario Grosseto Toscana 12064
10%
Montebruno Genova Liguria 211
10%
Montebuono Rieti Lazio 872
10%
Montecchio Emilia Reggio Emilia Emilia-Romagna 10433
10%
Montecchio Maggiore Vicenza Veneto 23156
10%
Montecorvino Rovella Salerno Campania 12279
10%
Montegranaro Fermo Marche 12613
10%
Montegrotto Terme Padova Veneto 11366
10%
Monteleone Sabino Rieti Lazio 1184
10%
Montelepre Palermo Sicilia 5844
10%
Montella Avellino Campania 7392
10%
Montemesola Taranto Puglia 3621
10%
Monteparano Taranto Puglia 2303
10%
Monteroni di Lecce Lecce Puglia 13452
10%
Monterosso Almo Ragusa Sicilia 2829
10%
Monterosso Calabro Vibo Valentia Calabria 1564
10%
Montesano Salentino Lecce Puglia 2612
10%
Montescudaio Pisa Toscana 2134
10%
Montese Modena Emilia-Romagna 3208
10%
Montevago Agrigento Sicilia 2734
10%
Monticelli Brusati Brescia Lombardia 4563
10%
Montignoso Massa-Carrara Toscana 10050
10%
Montoggio Genova Liguria 1995
10%
Morimondo Milano Lombardia 1032
10%
Mornese Alessandria Piemonte 707
10%
Morterone Lecco Lombardia 29
10%
Moschiano Avellino Campania 1573
10%
Motta Camastra Messina Sicilia 804
10%
Motta Montecorvino Foggia Puglia 668
10%
Mozzecane Verona Veneto 8027
10%
Mozzo Bergamo Lombardia 7334
10%
Mugnano del Cardinale Avellino Campania 5132
10%
Muro Leccese Lecce Puglia 4799
10%
Muscoline Brescia Lombardia 2653
10%
Maccagno con Pino e Veddasca Varese Lombardia 2423
7%
Maccastorna Lodi Lombardia 65
7%
Macchia d'Isernia Isernia Molise 1057
7%
Macchiagodena Isernia Molise 1656
7%
Macchia Valfortore Campobasso Molise 503
7%
Macerata Campania Caserta Campania 10026
7%
Macerata Feltria Pesaro e Urbino Marche 1904
7%
Macherio Monza e della Brianza Lombardia 7412
7%
Macugnaga Verbano-Cusio-Ossola Piemonte 530
7%
Mafalda Campobasso Molise 1100
7%
Magliano Romano Roma Lazio 1423
7%
Malcesine Verona Veneto 3640
7%
Malegno Brescia Lombardia 1978
7%
Mallare Savona Liguria 1058
7%
Malonno Brescia Lombardia 3068
7%
Mandanici Messina Sicilia 557
7%
Mansuè Treviso Veneto 4985
7%
Mantello Sondrio Lombardia 752
7%
Marano di Valpolicella Verona Veneto 3122
7%
Marcheno Brescia Lombardia 4172
7%
Marmentino Brescia Lombardia 656
7%
Martano Lecce Puglia 8693
7%
Martellago Venezia Veneto 21394
7%
Martinsicuro Teramo Abruzzo 16198
7%
Masera Verbano-Cusio-Ossola Piemonte 1448
7%
Maserada sul Piave Treviso Veneto 9217
7%
Maserà di Padova Padova Veneto 9144
7%
Masone Genova Liguria 3497
7%
Massa di Somma Napoli Campania 5019
7%
Massa e Cozzile Pistoia Toscana 7707
7%
Massanzago Padova Veneto 6070
7%
Mazzarrone Catania Sicilia 3921
7%
Mede Pavia Lombardia 6281
7%
Megliadino San Vitale Padova Veneto 1821
7%
Melara Rovigo Veneto 1697
7%
Melazzo Alessandria Piemonte 1249
7%
Melpignano Lecce Puglia 2134
7%
Meolo Venezia Veneto 6236
7%
Mercallo Varese Lombardia 1776
7%
Mercato Saraceno Forlì-Cesena Emilia-Romagna 6821
7%
Merì Messina Sicilia 2330
7%
Mezzanego Genova Liguria 1456
7%
Mezzolombardo Trento Trentino-Alto Adige 7361
7%
Mignano Monte Lungo Caserta Campania 2981
7%
Mileto Vibo Valentia Calabria 6401
7%
Milzano Brescia Lombardia 1764
7%
Minerbe Verona Veneto 4570
7%
Minerbio Bologna Emilia-Romagna 8941
7%
Minervino di Lecce Lecce Puglia 3505
7%
Minervino Murge Barletta-Andria-Trani Puglia 8390
7%
Minucciano Lucca Toscana 1853
7%
Missaglia Lecco Lombardia 8683
7%
Mogliano Veneto Treviso Veneto 27561
7%
Molare Alessandria Piemonte 2069
7%
Mombaroccio Pesaro e Urbino Marche 2042
7%
Monastier di Treviso Treviso Veneto 4438
7%
Monforte d'Alba Cuneo Piemonte 1963
7%
Mongiardino Ligure Alessandria Piemonte 150
7%
Montagnana Padova Veneto 8894
7%
Montaione Firenze Toscana 3505
7%
Montebello Vicentino Vicenza Veneto 6450
7%
Montecatini Val di Cecina Pisa Toscana 1683
7%
Montecchio Precalcino Vicenza Veneto 4903
7%
Montechiarugolo Parma Emilia-Romagna 11077
7%
Montecorvino Pugliano Salerno Campania 10937
7%
Monte di Procida Napoli Campania 11952
7%
Montedoro Caltanissetta Sicilia 1418
7%
Montefano Macerata Marche 3315
7%
Montefranco Terni Umbria 1256
7%
Montefusco Avellino Campania 1232
7%
Montegalda Vicenza Veneto 3387
7%
Montegallo Ascoli Piceno Marche 463
7%
Montegiorgio Fermo Marche 6479
7%
Monteiasi Taranto Puglia 5394
7%
Monte Isola Brescia Lombardia 1644
7%
Monteleone di Spoleto Perugia Umbria 574
7%
Montelparo Fermo Marche 722
7%
Montelupo Fiorentino Firenze Toscana 14269
7%
Montemaggiore Belsito Palermo Sicilia 3029
7%
Montemarano Avellino Campania 2667
7%
Montemarciano Ancona Marche 9896
7%
Montemiletto Avellino Campania 5065
7%
Montemilone Potenza Basilicata 1438
7%
Montemitro Campobasso Molise 314
7%
Montemonaco Ascoli Piceno Marche 546
7%
Montemurlo Prato Toscana 19477
7%
Montemurro Potenza Basilicata 1144
7%
Montenerodomo Chieti Abruzzo 617
7%
Montenero Sabino Rieti Lazio 278
7%
Monteprandone Ascoli Piceno Marche 12820
7%
Monterchi Arezzo Toscana 1718
7%
Montereale L'Aquila Abruzzo 2262
7%
Monte Romano Viterbo Lazio 1914
7%
Monteroni d'Arbia Siena Toscana 9040
7%
Monterotondo Marittimo Grosseto Toscana 1269
7%
Monterubbiano Fermo Marche 2086
7%
Monte San Giusto Macerata Marche 7543
7%
Montesano sulla Marcellana Salerno Campania 6295
7%
Monte San Savino Arezzo Toscana 8626
7%
Montesarchio Benevento Campania 13098
7%
Monteverdi Marittimo Pisa Toscana 747
7%
Monticelli d'Ongina Piacenza Emilia-Romagna 5118
7%
Monticello Conte Otto Vicenza Veneto 9067
7%
Montirone Brescia Lombardia 5077
7%
Montopoli in Val d'Arno Pisa Toscana 11060
7%
Montorfano Como Lombardia 2515
7%
Montorio al Vomano Teramo Abruzzo 7657
7%
Montoro Avellino Campania 19305
7%
Montorso Vicentino Vicenza Veneto 3077
7%
Montottone Fermo Marche 895
7%
Morano Calabro Cosenza Calabria 4021
7%
Moraro Gorizia Friuli-Venezia Giulia 693
7%
Mores Sassari Sardegna 1777
7%
Moretta Cuneo Piemonte 4076
7%
Morigerati Salerno Campania 614
7%
Morino L'Aquila Abruzzo 1328
7%
Mormanno Cosenza Calabria 2684
7%
Morro d'Alba Ancona Marche 1813
7%
Morro d'Oro Teramo Abruzzo 3583
7%
Mortara Pavia Lombardia 15395
7%
Mosciano Sant'Angelo Teramo Abruzzo 9101
7%
Motta Baluffi Cremona Lombardia 824
7%
Motta d'Affermo Messina Sicilia 670
7%
Motta di Livenza Treviso Veneto 10641
7%
Motta Santa Lucia Catanzaro Calabria 800
7%
Mozzagrogna Chieti Abruzzo 2412
7%
Mozzanica Bergamo Lombardia 4424
7%
Muccia Macerata Marche 849
7%
Mulazzano Lodi Lombardia 5814
7%
Mulazzo Massa-Carrara Toscana 2293
7%
Murazzano Cuneo Piemonte 838
7%
Murlo Siena Toscana 2417
7%
Muro Lucano Potenza Basilicata 4999
7%
Mussolente Vicenza Veneto 7603
7%
Macello Torino Piemonte 1151
3%
Maclodio Brescia Lombardia 1476
3%
Madonna del Sasso Verbano-Cusio-Ossola Piemonte 392
3%
Magasa Brescia Lombardia 106
3%
Magione Perugia Umbria 14612
3%
Maglione Torino Piemonte 413
3%
Magnago Milano Lombardia 9268
3%
Magreglio Como Lombardia 649
3%
Maida Catanzaro Calabria 4409
3%
Mairano Brescia Lombardia 3486
3%
Maissana Spezia Liguria 597
3%
Majano Udine Friuli-Venezia Giulia 5840
3%
Malfa Messina Sicilia 983
3%
Malgrate Lecco Lombardia 4256
3%
Malles Venosta Bolzano Trentino-Alto Adige 5170
3%
Malvagna Messina Sicilia 649
3%
Mammola Reggio Calabria Calabria 2537
3%
Mandello del Lario Lecco Lombardia 10082
3%
Mango Cuneo Piemonte 1259
3%
Maniace Catania Sicilia 3739
3%
Manta Cuneo Piemonte 3782
3%
Manzano Udine Friuli-Venezia Giulia 6316
3%
Marano Equo Roma Lazio 792
3%
Marano Lagunare Udine Friuli-Venezia Giulia 1742
3%
Marano Marchesato Cosenza Calabria 3356
3%
Marano Principato Cosenza Calabria 3059
3%
Marano Ticino Novara Piemonte 1586
3%
Maranzana Asti Piemonte 233
3%
Marcaria Mantova Lombardia 6374
3%
Marcellinara Catanzaro Calabria 2192
3%
Marciano della Chiana Arezzo Toscana 3433
3%
Marebbe Bolzano Trentino-Alto Adige 3192
3%
Mareno di Piave Treviso Veneto 9608
3%
Marentino Torino Piemonte 1306
3%
Maretto Asti Piemonte 381
3%
Marianopoli Caltanissetta Sicilia 1669
3%
Marineo Palermo Sicilia 6287
3%
Marone Brescia Lombardia 3117
3%
Maropati Reggio Calabria Calabria 1377
3%
Marradi Firenze Toscana 2954
3%
Marsico Nuovo Potenza Basilicata 3910
3%
Marsicovetere Potenza Basilicata 5536
3%
Martello Bolzano Trentino-Alto Adige 832
3%
Martignacco Udine Friuli-Venezia Giulia 6898
3%
Martone Reggio Calabria Calabria 520
3%
Maruggio Taranto Puglia 5238
3%
Marzano Appio Caserta Campania 2032
3%
Marzano di Nola Avellino Campania 1632
3%
Masi Torello Ferrara Emilia-Romagna 2332
3%
Massa Fermana Fermo Marche 898
3%
Massimeno Trento Trentino-Alto Adige 144
3%
Massimino Savona Liguria 104
3%
Mazzano Romano Roma Lazio 2995
3%
Mazzarino Caltanissetta Sicilia 11181
3%
Mazzarrà Sant'Andrea Messina Sicilia 1405
3%
Mazzè Torino Piemonte 4169
3%
Mediglia Milano Lombardia 12220
3%
Medolago Bergamo Lombardia 2351
3%
Medole Mantova Lombardia 4120
3%
Meduna di Livenza Treviso Veneto 2925
3%
Meina Novara Piemonte 2400
3%
Meleti Lodi Lombardia 441
3%
Melicuccà Reggio Calabria Calabria 841
3%
Melicucco Reggio Calabria Calabria 4851
3%
Melilli Siracusa Sicilia 13257
3%
Melito di Porto Salvo Reggio Calabria Calabria 10650
3%
Melito Irpino Avellino Campania 1807
3%
Melizzano Benevento Campania 1739
3%
Mercogliano Avellino Campania 11653
3%
Mereto di Tomba Udine Friuli-Venezia Giulia 2536
3%
Merlara Padova Veneto 2518
3%
Merlino Lodi Lombardia 1712
3%
Mesola Ferrara Emilia-Romagna 6549
3%
Mesoraca Crotone Calabria 6025
3%
Mezzane di Sotto Verona Veneto 2549
3%
Miane Treviso Veneto 3163
3%
Miglierina Catanzaro Calabria 731
3%
Mignanego Genova Liguria 3501
3%
Milena Caltanissetta Sicilia 2777
3%
Millesimo Savona Liguria 3247
3%
Mirabella Imbaccari Catania Sicilia 4282
3%
Missanello Potenza Basilicata 533
3%
Moconesi Genova Liguria 2411
3%
Modigliana Forlì-Cesena Emilia-Romagna 4357
3%
Moiano Benevento Campania 4026
3%
Moio della Civitella Salerno Campania 1816
3%
Mojo Alcantara Messina Sicilia 679
3%
Molina Aterno L'Aquila Abruzzo 362
3%
Molinara Benevento Campania 1484
3%
Molini di Triora Imperia Liguria 606
3%
Molise Campobasso Molise 161
3%
Mombaruzzo Asti Piemonte 1008
3%
Mombercelli Asti Piemonte 2113
3%
Monastero Bormida Asti Piemonte 882
3%
Monastero di Vasco Cuneo Piemonte 1266
3%
Monasterolo Casotto Cuneo Piemonte 81
3%
Monasterolo del Castello Bergamo Lombardia 1154
3%
Mondavio Pesaro e Urbino Marche 3663
3%
Mondolfo Pesaro e Urbino Marche 14307
3%
Monforte San Giorgio Messina Sicilia 2564
3%
Monfumo Treviso Veneto 1305
3%
Monguelfo-Tesido Bolzano Trentino-Alto Adige 2906
3%
Moniga del Garda Brescia Lombardia 2579
3%
Montabone Asti Piemonte 327
3%
Montagna in Valtellina Sondrio Lombardia 2945
3%
Montaguto Avellino Campania 357
3%
Montalbano Elicona Messina Sicilia 2001
3%
Montalbano Jonico Matera Basilicata 6874
3%
Montaldo di Mondovì Cuneo Piemonte 540
3%
Montaldo Torinese Torino Piemonte 723
3%
Montalto delle Marche Ascoli Piceno Marche 1964
3%
Montalto Uffugo Cosenza Calabria 20011
3%
Montanaro Torino Piemonte 5119
3%
Montappone Fermo Marche 1608
3%
Montaquila Isernia Molise 2316
3%
Montauro Catanzaro Calabria 1732
3%
Montebello della Battaglia Pavia Lombardia 1512
3%
Montebello Jonico Reggio Calabria Calabria 5451
3%
Montecarlo Lucca Toscana 4353
3%
Montecarotto Ancona Marche 1845
3%
Montecassiano Macerata Marche 6961
3%
Monte Cavallo Macerata Marche 108
3%
Montecchia di Crosara Verona Veneto 4278
3%
Monte Cerignone Pesaro e Urbino Marche 636
3%
Montecorice Salerno Campania 2533
3%
Montecreto Modena Emilia-Romagna 914
3%
Monte di Malo Vicenza Veneto 2787
3%
Montedinove Ascoli Piceno Marche 479
3%
Montefalcione Avellino Campania 3140
3%
Montefalcone Appennino Fermo Marche 383
3%
Montefalcone di Val Fortore Benevento Campania 1355
3%
Montefalcone nel Sannio Campobasso Molise 1426
3%
Montefelcino Pesaro e Urbino Marche 2517
3%
Montefino Teramo Abruzzo 965
3%
Montefiore dell'Aso Ascoli Piceno Marche 1991
3%
Montefiorino Modena Emilia-Romagna 2084
3%
Monteforte Cilento Salerno Campania 538
3%
Monteforte d'Alpone Verona Veneto 9019
3%
Montefredane Avellino Campania 2136
3%
Montegaldella Vicenza Veneto 1814
3%
Montegiordano Cosenza Calabria 1639
3%
Montegridolfo Rimini Emilia-Romagna 994
3%
Montelabbate Pesaro e Urbino Marche 6933
3%
Montelanico Roma Lazio 2062
3%
Monteleone di Fermo Fermo Marche 365
3%
Monteleone di Puglia Foggia Puglia 986
3%
Monteleone d'Orvieto Terni Umbria 1376
3%
Monteleone Rocca Doria Sassari Sardegna 107
3%
Montelongo Campobasso Molise 325
3%
Montelupo Albese Cuneo Piemonte 484
3%
Montelupone Macerata Marche 3436
3%
Montemagno Monferrato Asti Piemonte 1030
3%
Montemale di Cuneo Cuneo Piemonte 214
3%
Montemarzino Alessandria Piemonte 309
3%
Montemezzo Como Lombardia 224
3%
Montemignaio Arezzo Toscana 521
3%
Montenars Udine Friuli-Venezia Giulia 495
3%
Montenero Val Cocchiara Isernia Molise 505
3%
Monteodorisio Chieti Abruzzo 2342
3%
Montereale Valcellina Pordenone Friuli-Venezia Giulia 4323
3%
Monterenzio Bologna Emilia-Romagna 6105
3%
Monte Rinaldo Fermo Marche 328
3%
Monte Roberto Ancona Marche 3052
3%
Monteroduni Isernia Molise 2056
3%
Monterosi Viterbo Lazio 4729
3%
Monterosso Grana Cuneo Piemonte 517
3%
Monte San Giacomo Salerno Campania 1438
3%
Monte San Giovanni Campano Frosinone Lazio 12228
3%
Monte San Giovanni in Sabina Rieti Lazio 648
3%
Monte San Martino Macerata Marche 697
3%
Monte San Pietrangeli Fermo Marche 2315
3%
Monte San Pietro Bologna Emilia-Romagna 10695
3%
Monte San Vito Ancona Marche 6744
3%
Montescano Pavia Lombardia 419
3%
Montescheno Verbano-Cusio-Ossola Piemonte 386
3%
Montescudo-Monte Colombo Rimini Emilia-Romagna 7004
3%
Montesegale Pavia Lombardia 258
3%
Monteu da Po Torino Piemonte 842
3%
Monte Urano Fermo Marche 7971
3%
Monteu Roero Cuneo Piemonte 1609
3%
Montevecchia Lecco Lombardia 2673
3%
Monteviale Vicenza Veneto 2853
3%
Monte Vidon Combatte Fermo Marche 398
3%
Monte Vidon Corrado Fermo Marche 678
3%
Montezemolo Cuneo Piemonte 237
3%
Montiano Forlì-Cesena Emilia-Romagna 1704
3%
Monticelli Pavese Pavia Lombardia 659
3%
Monticello Brianza Lecco Lombardia 4141
3%
Monticello d'Alba Cuneo Piemonte 2343
3%
Monticiano Siena Toscana 1535
3%
Montieri Grosseto Toscana 1148
3%
Montiglio Monferrato Asti Piemonte 1556
3%
Montjovet Aosta Valle d'Aosta 1749
3%
Montodine Cremona Lombardia 2454
3%
Montopoli di Sabina Rieti Lazio 4081
3%
Montorio nei Frentani Campobasso Molise 383
3%
Montorio Romano Roma Lazio 1992
3%
Montresta Oristano Sardegna 445
3%
Montù Beccaria Pavia Lombardia 1623
3%
Monvalle Varese Lombardia 1946
3%
Monzuno Bologna Emilia-Romagna 6346
3%
Morano sul Po Alessandria Piemonte 1324
3%
Moransengo-Tonengo Asti Piemonte 397
3%
Morazzone Varese Lombardia 4255
3%
Morbello Alessandria Piemonte 418
3%
Morciano di Leuca Lecce Puglia 3071
3%
Morciano di Romagna Rimini Emilia-Romagna 7176
3%
Morcone Benevento Campania 4580
3%
Mordano Bologna Emilia-Romagna 4613
3%
Morengo Bergamo Lombardia 2471
3%
Moresco Fermo Marche 546
3%
Morfasso Piacenza Emilia-Romagna 926
3%
Morgano Treviso Veneto 4424
3%
Morgongiori Oristano Sardegna 669
3%
Moriago della Battaglia Treviso Veneto 2811
3%
Moricone Roma Lazio 2480
3%
Moriondo Torinese Torino Piemonte 852
3%
Mornago Varese Lombardia 4945
3%
Mornico al Serio Bergamo Lombardia 2909
3%
Mornico Losana Pavia Lombardia 600
3%
Morozzo Cuneo Piemonte 1990
3%
Morra De Sanctis Avellino Campania 1163
3%
Morrone del Sannio Campobasso Molise 540
3%
Morro Reatino Rieti Lazio 344
3%
Morrovalle Macerata Marche 9979
3%
Morsano al Tagliamento Pordenone Friuli-Venezia Giulia 2682
3%
Morsasco Alessandria Piemonte 615
3%
Mortegliano Udine Friuli-Venezia Giulia 4850
3%
Moruzzo Udine Friuli-Venezia Giulia 2434
3%
Moscazzano Cremona Lombardia 721
3%
Moscufo Pescara Abruzzo 3088
3%
Motta de' Conti Vercelli Piemonte 738
3%
Mottafollone Cosenza Calabria 1111
3%
Mottalciata Biella Piemonte 1319
3%
Motteggiana Mantova Lombardia 2443
3%
Muravera Cagliari Sardegna 5160
3%
Murello Cuneo Piemonte 942
3%
Murialdo Savona Liguria 771
3%
Murisengo Monferrato Alessandria Piemonte 1210
3%
Muros Sassari Sardegna 831
3%
Musei Sulcis Iglesiente Sardegna 1495
3%
Musile di Piave Venezia Veneto 11322
3%
Muzzana del Turgnano Udine Friuli-Venezia Giulia 2400
3%
Muzzano Biella Piemonte 579
3%
Macra Cuneo Piemonte 46
0%
Madignano Cremona Lombardia 2773
0%
Madone Bergamo Lombardia 3980
0%
Madruzzo Trento Trentino-Alto Adige 2933
0%
Maggiora Novara Piemonte 1601
0%
Magherno Pavia Lombardia 1733
0%
Magisano Catanzaro Calabria 1137
0%
Magliano Alfieri Cuneo Piemonte 2194
0%
Magliano Alpi Cuneo Piemonte 2170
0%
Magliano de' Marsi L'Aquila Abruzzo 3530
0%
Magliano di Tenna Fermo Marche 1424
0%
Magliano Vetere Salerno Campania 619
0%
Magliolo Savona Liguria 940
0%
Magnacavallo Mantova Lombardia 1446
0%
Magnano Biella Piemonte 381
0%
Magnano in Riviera Udine Friuli-Venezia Giulia 2291
0%
Magomadas Oristano Sardegna 586
0%
Magrè sulla Strada del Vino Bolzano Trentino-Alto Adige 1296
0%
Maierà Cosenza Calabria 1156
0%
Maierato Vibo Valentia Calabria 2055
0%
Maiolati Spontini Ancona Marche 6150
0%
Maiolo Rimini Emilia-Romagna 792
0%
Mairago Lodi Lombardia 1363
0%
Malagnino Cremona Lombardia 1716
0%
Malalbergo Bologna Emilia-Romagna 9085
0%
Malborghetto-Valbruna Udine Friuli-Venezia Giulia 888
0%
Maleo Lodi Lombardia 3008
0%
Malesco Verbano-Cusio-Ossola Piemonte 1358
0%
Malito Cosenza Calabria 748
0%
Maltignano Ascoli Piceno Marche 2305
0%
Malvicino Alessandria Piemonte 83
0%
Malvito Cosenza Calabria 1693
0%
Mamoiada Nuoro Sardegna 2413
0%
Mandas Cagliari Sardegna 2053
0%
Mandello Vitta Novara Piemonte 224
0%
Mangone Cosenza Calabria 1901
0%
Manocalzati Avellino Campania 3054
0%
Mappano Torino Piemonte 7354
0%
Maracalagonis Cagliari Sardegna 7888
0%
Marcallo con Casone Milano Lombardia 6134
0%
Marcedusa Catanzaro Calabria 403
0%
Marcetelli Rieti Lazio 76
0%
Marchirolo Varese Lombardia 3492
0%
Marcignago Pavia Lombardia 2467
0%
Marene Cuneo Piemonte 3271
0%
Margarita Cuneo Piemonte 1426
0%
Margno Lecco Lombardia 379
0%
Mariana Mantovana Mantova Lombardia 785
0%
Marlengo Bolzano Trentino-Alto Adige 2847
0%
Marliana Pistoia Toscana 3130
0%
Marmirolo Mantova Lombardia 7673
0%
Marmora Cuneo Piemonte 53
0%
Marnate Varese Lombardia 8010
0%
Marrubiu Oristano Sardegna 4614
0%
Marsaglia Cuneo Piemonte 213
0%
Marsciano Perugia Umbria 18201
0%
Martignana di Po Cremona Lombardia 2054
0%
Martinengo Bergamo Lombardia 10798
0%
Martiniana Po Cuneo Piemonte 730
0%
Martirano Catanzaro Calabria 850
0%
Martirano Lombardo Catanzaro Calabria 993
0%
Martis Sassari Sardegna 480
0%
Marudo Lodi Lombardia 1760
0%
Marzio Varese Lombardia 311
0%
Masainas Cagliari Sardegna 1239
0%
Maschito Potenza Basilicata 1511
0%
Masciago Primo Varese Lombardia 307
0%
Masio Alessandria Piemonte 1296
0%
Maslianico Como Lombardia 3196
0%
Massa d'Albe L'Aquila Abruzzo 1385
0%
Massalengo Lodi Lombardia 4385
0%
Massazza Biella Piemonte 528
0%
Massello Torino Piemonte 56
0%
Masserano Biella Piemonte 1932
0%
Massignano Ascoli Piceno Marche 1651
0%
Massino Visconti Novara Piemonte 1124
0%
Massiola Verbano-Cusio-Ossola Piemonte 120
0%
Masullas Oristano Sardegna 1014
0%
Mathi Torino Piemonte 3795
0%
Matrice Campobasso Molise 1063
0%
Mattie Torino Piemonte 647
0%
Mazzo di Valtellina Sondrio Lombardia 1017
0%
Meana di Susa Torino Piemonte 809
0%
Meana Sardo Nuoro Sardegna 1624
0%
Medea Gorizia Friuli-Venezia Giulia 965
0%
Medesano Parma Emilia-Romagna 10703
0%
Meduno Pordenone Friuli-Venezia Giulia 1539
0%
Meltina Bolzano Trentino-Alto Adige 1686
0%
Menconico Pavia Lombardia 344
0%
Mendatica Imperia Liguria 171
0%
Mendicino Cosenza Calabria 9267
0%
Merana Alessandria Piemonte 180
0%
Mercatello sul Metauro Pesaro e Urbino Marche 1298
0%
Mercatino Conca Pesaro e Urbino Marche 1008
0%
Mercenasco Torino Piemonte 1283
0%
Mergo Ancona Marche 991
0%
Mergozzo Verbano-Cusio-Ossola Piemonte 2136
0%
Merone Como Lombardia 4064
0%
Mesenzana Varese Lombardia 1623
0%
Mezzago Monza e della Brianza Lombardia 4420
0%
Mezzana Trento Trentino-Alto Adige 874
0%
Mezzana Bigli Pavia Lombardia 1026
0%
Mezzana Mortigliengo Biella Piemonte 492
0%
Mezzana Rabattone Pavia Lombardia 469
0%
Mezzanino Pavia Lombardia 1341
0%
Mezzenile Torino Piemonte 760
0%
Mezzojuso Palermo Sicilia 2713
0%
Mezzoldo Bergamo Lombardia 164
0%
Mezzomerico Novara Piemonte 1213
0%
Miagliano Biella Piemonte 566
0%
Miasino Novara Piemonte 796
0%
Miazzina Verbano-Cusio-Ossola Piemonte 366
0%
Micigliano Rieti Lazio 114
0%
Miglianico Chieti Abruzzo 4640
0%
Miglionico Matera Basilicata 2395
0%
Milis Oristano Sardegna 1459
0%
Mioglia Savona Liguria 501
0%
Mirabello Monferrato Alessandria Piemonte 1212
0%
Mirabello Sannitico Campobasso Molise 2067
0%
Miradolo Terme Pavia Lombardia 3643
0%
Misano di Gera d'Adda Bergamo Lombardia 2941
0%
Misinto Monza e della Brianza Lombardia 5588
0%
Moasca Asti Piemonte 504
0%
Modolo Oristano Sardegna 155
0%
Mogorella Oristano Sardegna 419
0%
Mogoro Oristano Sardegna 3974
0%
Moimacco Udine Friuli-Venezia Giulia 1659
0%
Moio de' Calvi Bergamo Lombardia 203
0%
Moiola Cuneo Piemonte 219
0%
Molazzana Lucca Toscana 1018
0%
Molinella Bologna Emilia-Romagna 15648
0%
Molino dei Torti Alessandria Piemonte 570
0%
Moliterno Potenza Basilicata 3663
0%
Mollia Vercelli Piemonte 95
0%
Molochio Reggio Calabria Calabria 2279
0%
Mombaldone Asti Piemonte 198
0%
Mombarcaro Cuneo Piemonte 263
0%
Mombasiglio Cuneo Piemonte 616
0%
Mombello di Torino Torino Piemonte 383
0%
Mombello Monferrato Alessandria Piemonte 946
0%
Momo Novara Piemonte 2412
0%
Mompantero Torino Piemonte 639
0%
Mompeo Rieti Lazio 494
0%
Momperone Alessandria Piemonte 203
0%
Monacilioni Campobasso Molise 477
0%
Monale Asti Piemonte 983
0%
Monasterace Reggio Calabria Calabria 3407
0%
Monastero di Lanzo Torino Piemonte 331
0%
Monasterolo di Savigliano Cuneo Piemonte 1372
0%
Monastir Cagliari Sardegna 4495
0%
Moncalvo Asti Piemonte 2769
0%
Moncestino Alessandria Piemonte 197
0%
Monchiero Cuneo Piemonte 577
0%
Monchio delle Corti Parma Emilia-Romagna 843
0%
Moncrivello Vercelli Piemonte 1380
0%
Moncucco Torinese Asti Piemonte 878
0%
Mondaino Rimini Emilia-Romagna 1329
0%
Monesiglio Cuneo Piemonte 592
0%
Mongardino Asti Piemonte 857
0%
Mongiana Vibo Valentia Calabria 672
0%
Mongiuffi Melia Messina Sicilia 550
0%
Mongrando Biella Piemonte 3715
0%
Monguzzo Como Lombardia 2364
0%
Monleale Alessandria Piemonte 558
0%
Monsampietro Morico Fermo Marche 628
0%
Monsampolo del Tronto Ascoli Piceno Marche 4486
0%
Monsano Ancona Marche 3299
0%
Monserrato Cagliari Sardegna 19175
0%
Montacuto Alessandria Piemonte 242
0%
Montafia Asti Piemonte 929
0%
Montagano Campobasso Molise 1018
0%
Montaldeo Alessandria Piemonte 243
0%
Montaldo Bormida Alessandria Piemonte 612
0%
Montaldo Roero Cuneo Piemonte 848
0%
Montaldo Scarampi Asti Piemonte 719
0%
Montalenghe Torino Piemonte 985
0%
Montalto Carpasio Imperia Liguria 500
0%
Montalto Dora Torino Piemonte 3349
0%
Montalto Pavese Pavia Lombardia 872
0%
Montanaso Lombardo Lodi Lombardia 2241
0%
Montanera Cuneo Piemonte 726
0%
Montano Antilia Salerno Campania 1762
0%
Montano Lucino Como Lombardia 5287
0%
Montasola Rieti Lazio 382
0%
Montazzoli Chieti Abruzzo 877
0%
Montebello di Bertona Pescara Abruzzo 914
0%
Montebello sul Sangro Chieti Abruzzo 75
0%
Montecalvo in Foglia Pesaro e Urbino Marche 2723
0%
Montecalvo Irpino Avellino Campania 3406
0%
Montecalvo Versiggia Pavia Lombardia 524
0%
Montecastello Alessandria Piemonte 306
0%
Monte Castello di Vibio Perugia Umbria 1455
0%
Montecastrilli Terni Umbria 4821
0%
Montechiaro d'Acqui Alessandria Piemonte 513
0%
Montechiaro d'Asti Asti Piemonte 1216
0%
Montecilfone Campobasso Molise 1214
0%
Montecopiolo Rimini Emilia-Romagna 1064
0%
Montecosaro Macerata Marche 7384
0%
Monte Cremasco Cremona Lombardia 2257
0%
Montecrestese Verbano-Cusio-Ossola Piemonte 1249
0%
Monteferrante Chieti Abruzzo 119
0%
Montefiore Conca Rimini Emilia-Romagna 2227
0%
Monteflavio Roma Lazio 1214
0%
Montefortino Fermo Marche 1088
0%
Montegabbione Terni Umbria 1118
0%
Monte Giberto Fermo Marche 759
0%
Montegioco Alessandria Piemonte 286
0%
Monte Grimano Terme Pesaro e Urbino Marche 1075
0%
Montegrino Valtravaglia Varese Lombardia 1492
0%
Montegrosso d'Asti Asti Piemonte 2307
0%
Montegrosso Pian Latte Imperia Liguria 122
0%
Montelapiano Chieti Abruzzo 80
0%
Monte Marenzo Lecco Lombardia 1866
0%
Monte Santa Maria Tiberina Perugia Umbria 1120
0%
Nessun quiz corrispondente trovato
Distribuzione punteggi
Percentuale di utenti per punteggio
Percentile per numero di risposta
I tuoi punteggi nel tempo
Non hai fatto questo quiz